000 00393nam a2200181Ia 4500
001 4690
005 20260306145814.0
008 260306t2014||||xx |||||||||||||| ||spa||
041 _aESP
082 _a330
_bP26 2014
100 _aParkin, Michael
_eAUT
245 0 _aEconomía
260 _c2014
300 _axxxii
_c27 cm.
650 _aGEN
654 _aCAN
942 _cLIB
_dJUS
_fJUS
_2ddc
_n
999 _c4690
_d4690